书目信息 |
| 题名: |
工程建设机电设备采购招标投标
|
|
| 作者: | 谷林 , 康石永 主编 | |
| 分册: | ||
| 出版信息: | 北京 化学工业出版社 2000.05 |
|
| 页数: | 223页 | |
| 开本: | 16开 | |
| 丛书名: | ||
| 单 册: | ||
| 中图分类: | F407.964 | |
| 科图分类: | ||
| 主题词: | 工业经济--经济理论 | |
| 电子资源: | ||
| ISBN: | 7-5025-2774-5 | |
| 000 | 00657nam0 2200205 45 | |
| 001 | 0010071165 | |
| 005 | 20001212095658.9 | |
| 010 | @a7-5025-2774-5@d30.00元 | |
| 100 | @a20001007d2000 km y0chiy0120 ea | |
| 101 | 0 | @achi |
| 105 | @a z 000yy | |
| 200 | 1 | @a工程建设机电设备采购招标投标@AGong Cheng Jian She Ji Dian She Bei Cai Gou Zhao Biao Tou Biao@f谷林,康石永主编@FGu Lin,Kang Shi Yong Zhu Bian |
| 210 | @a北京@c化学工业出版社@d2000.05 | |
| 215 | @a223页@d16开 | |
| 606 | 0 | @a工业经济@x经济理论 |
| 690 | @aF407.964@v3 | |
| 701 | 0 | @a谷林@4主编 |
| 701 | 0 | @a康石永@4主编 |
| 801 | @aCN@bPftUser@c20001007 | |
| 905 | @dF407.964@eG.479@b306967-969@f3 | |
| 工程建设机电设备采购招标投标/谷林,康石永主编.-北京:化学工业出版社,2000.05 |
| 223页;16开 |
| ISBN 7-5025-2774-5:30.00元 |
| ● |
| 相关链接 |
|
|
|
正题名:工程建设机电设备采购招标投标
索取号:F407.964/G.479
 
预约/预借
| 序号 | 登录号 | 条形码 | 馆藏地/架位号 | 状态 | 备注 |
| 1 | 306967 | 203069678 | 社科二线422/409社科库 35排5列3层/ [索取号:F407.964/G.479] | 在馆 | |
| 2 | 306968 | 203069687 | 社科二线422/409社科库 35排5列3层/ [索取号:F407.964/G.479] | 在馆 | |
| 3 | 306969 | 203069696 | 社科库409/409社科库 35排2列5层/ [索取号:F407.964/G.479] | 在馆 |